Snížení základního jmění. 2

Účtovné súvislosti zníženia základného imania. Zníženie podielu a ceny akcie. Premietnutie rozdielu medzi nominálnou cenou a cenou obstarania pri vykupovaní vlastných akcií: môže sa uskutočniť výsledkovo - cez náklady a výnosy alebo priamo úpravou vlastného imania. Stiahnutie akcií z obehu pri efekt...

Ausführliche Beschreibung

Gespeichert in:
Bibliographische Detailangaben
1. Verfasser: Vomáčková, Hana
Format: Buchkapitel
Sprache:Tschechisch
Schlagworte:
Tags: Tag hinzufügen
Keine Tags, Fügen Sie das erste Tag hinzu!

MARC

LEADER 00000naa a2200000 4500
001 r020943
005 20230913080509.1
041 0 |a cze 
044 |a CZ 
245 1 0 |a Snížení základního jmění. 2  |c Hana Vomáčková 
520 |a Účtovné súvislosti zníženia základného imania. Zníženie podielu a ceny akcie. Premietnutie rozdielu medzi nominálnou cenou a cenou obstarania pri vykupovaní vlastných akcií: môže sa uskutočniť výsledkovo - cez náklady a výnosy alebo priamo úpravou vlastného imania. Stiahnutie akcií z obehu pri efektívnom znížení základného imania. Konanie akciovej spoločnosti, ak sa pri stiahnutí určitého počtu akcií časť akcionárov neprihlási. Príklad fiktívnej spoločnosti. 
610 2 0 |a imanie základné 
610 2 0 |a akcie 
100 1 |a Vomáčková, Hana